000 00582nam a22001937a 4500
005 20251108164647.0
008 250721s1979 xx 000 0 ara d
082 1 4 _a811.909/إلي
100 1 _aخوري، إلياس
245 1 0 _aدراسات في نقد الشعر /
264 1 _aبيروت :
_bدار ابن رشد للطباعة و النشر،
_c1979.
300 _a226ص
650 1 7 _aالشعر العربي
650 1 7 _aالعصر الحديث
650 1 7 _aالتاريخ الأدبي
650 1 7 _aالنقد الأدبي
942 _2ddc
_cBK
999 _c11177
_d11177